Normal view
MARC view
- Reimann, Arnold L
Entry Personal Name
001 - CONTROL NUMBER
- control field: 113468
003 - CONTROL NUMBER IDENTIFIER
- control field: NUST
005 - DATE AND TIME OF LATEST TRANSACTION
- control field: 20230710094824.0
008 - FIXED-LENGTH DATA ELEMENTS
- fixed length control field: 230710|| aca||aabn | a|a d
040 ## - CATALOGING SOURCE
- Original cataloging agency: NUST
- Transcribing agency: NUST
100 ## - HEADING--PERSONAL NAME
- Personal name: Reimann, Arnold L
670 ## - SOURCE DATA FOUND
- Source citation: Work cat.: (NUST)180609: Reimann, Arnold L., Physics: Mechanics and Heat; Electricity, Magnetism and optics / , 1971.
